00436cam a22001811 4500001000800000005001700008008004100025010001700066035001900083040002100102041000800123042001200131080001200143082001200155100000700167101000800174245007200182912692020180208033408.0780215s1887 nyua 000 0 eng  a 01000850  a(OCoLC)3641030 aDLCcTxU-DadDLC aeng apremarc a573 GRA a573 GRA1 a11 aBIO14aThe elements of botany for beginners and for schools,cby Asa Gray.